000 00636nam a2200193Ia 4500
005 20250508161906.0
008 008 250505s9999 xx 000 0 eng d
037 _aDissertations
040 _aFEDL
_beng
_cFEDL
041 _aeng
_2eng
084 _a371.2, AGA/DI
_qFEDL
100 _aAgarwal Rohtash Kumar
_9771686
245 0 _aStudy of the implication of the present status of work-experience on the school administration in Delhi schools under 10+2 scheme
260 _c1977
300 _a76p.
546 _aM. Ed. Dissertation (Delhi University)
942 _cDIS
_h371.2, AGA/DI
999 _c1372998
_d1372998